000
00222nam a2200097Ia 4500
008
220204s9999 xx 000 0 und d
082
_a
82-3
_b
CHA
100
_a
Charteris, Leslie
245
0
_a
Send for the saint
942
_c
BK
999
_c
28005
_d
28005